|
|
|
|
| LEADER |
00000nab a2200000uu 4500 |
| 001 |
vtls010902095 |
| 003 |
SK-MaSNL |
| 005 |
20260304013305.0 |
| 008 |
230121|2012 xo |||||||||||||||||eng| |
| 015 |
|
|
|a SNBRB
|
| 035 |
|
|
|a (urnnbn)urn:nbn:sk:snk:ar-a07o3v
|
| 035 |
|
|
|a (uuid)15f91e76-4ce2-4dc8-b20f-320ce68be479
|
| 035 |
|
|
|a urn:nbn:sk:snk-ab8tfp
|
| 040 |
|
|
|a SNKBUCL
|b slo
|c SNKBUCL
|e AACR2
|
| 041 |
0 |
|
|a eng
|
| 044 |
|
|
|a xo
|c SK
|
| 100 |
1 |
|
|a Kováč, František
|4 aut
|9 270565
|
| 245 |
1 |
0 |
|a IMPROVEMENT OF SOFT MAGNETIC PROPERTIES IN FEBASED RAPIDLY QUENCHED ALLOYS AND FESI ELECTRICAL STEELS BY MAGNETIC FIELD ANNEALING
|c František Kováč, Ivan Škorvánek, Jozef Kováč, Jozef Marcin, Peter Švec
|
| 700 |
1 |
|
|a Škorvánek, Ivan,
|d 1957-
|4 aut
|9 39876
|
| 700 |
1 |
|
|a Kováč, Jozef,
|d 1952-
|4 aut
|9 222685
|
| 700 |
1 |
|
|a Marcin, Jozef,
|d 1974-
|4 aut
|9 1294098
|
| 700 |
1 |
|
|a Švec, Peter,
|d 1955-
|4 aut
|9 125453
|
| 773 |
0 |
|
|t Acta avionica : vedecký časopis
|g Roč. 14, č. 23 (2012), s. 47-51
|
| 954 |
|
|
|a odborná, vedecká literatúra pôvodná (slovenská)
|2 lita
|
| 958 |
|
|
|a OND
|
| 958 |
|
|
|a EUIPO
|
| 958 |
|
|
|a article10
|
| 999 |
|
|
|c 2575186
|d 2577116
|